KOHA-Header-6

Professional DNN7 Open Source.Net CMS Platform (Record no. 354)

000 -LEADER
fixed length control field 00335nam a2200121Ia 4500
008 - FIXED-LENGTH DATA ELEMENTS--GENERAL INFORMATION
fixed length control field 190722s9999 xx 000 0 und d
020 ## - INTERNATIONAL STANDARD BOOK NUMBER
International Standard Book Number 978-81-265-5667-0
100 ## - MAIN ENTRY--PERSONAL NAME
Personal name Walker, et al.
245 #0 - TITLE STATEMENT
Title Professional DNN7 Open Source.Net CMS Platform
260 ## - PUBLICATION, DISTRIBUTION, ETC. (IMPRINT)
Place of publication, distribution, etc New Delhi
Name of publisher, distributor, etc John Wiley & Sons.Inc. (India)
Date of publication, distribution, etc 2015
300 ## - PHYSICAL DESCRIPTION
Extent 718
942 ## - ADDED ENTRY ELEMENTS (KOHA)
Koha item type Books
Holdings
Withdrawn status Lost status Damaged status Not for loan Collection code Permanent Location Current Location Shelving location Date acquired Full call number Barcode Date last seen Price effective from Koha item type
        Computer Networking MAJU MAJU Shelf No.A33 2019-07-22 6.76 6980 2019-07-22 2019-07-22 Computer Networking

Powered by Koha